|
|
|
|
| LEADER |
00000nam0a2200000 4500 |
| 001 |
130990 |
| 005 |
20231101220257.0 |
| 035 |
|
|
|a (RuTPU)RU\TPU\book\141873
|
| 090 |
|
|
|a 130990
|
| 100 |
|
|
|a 20080211d1965 k y0rusy50 ca
|
| 101 |
0 |
|
|a rus
|
| 102 |
|
|
|a RU
|
| 105 |
|
|
|a a z 001zy
|
| 200 |
1 |
|
|a Радиоизотопные и рентгеноспектральные методы
|f Н. Н. Шумиловский [и др.]
|
| 210 |
|
|
|a Москва
|c Энергия
|d 1965
|a Ленинград
|
| 215 |
|
|
|a 191 с.
|c ил.
|
| 225 |
1 |
|
|a Физические ифизикохимические методы контроля состава и свойств вещества
|
| 320 |
|
|
|a Библиогр.: с. 178-189.
|
| 606 |
1 |
|
|a Рентгеноспектральный анализ
|x (химия)
|2 stltpush
|3 (RuTPU)RU\TPU\subj\25101
|9 49333
|
| 606 |
1 |
|
|a Радиоактивные изотопы
|x Применение в аналитической химии
|2 stltpush
|3 (RuTPU)RU\TPU\subj\73402
|9 86426
|
| 610 |
1 |
|
|a радиоизотопные приборы
|
| 610 |
1 |
|
|a гамма-излучения
|
| 610 |
1 |
|
|a бета-излучение
|
| 610 |
1 |
|
|a излучения
|
| 610 |
1 |
|
|a радиоизотопные методы
|
| 610 |
1 |
|
|a рентгеноспектральные методы
|
| 675 |
|
|
|a 543.427
|v 3
|
| 675 |
|
|
|a 543.52
|v 3
|
| 701 |
|
1 |
|a Шумиловский
|b Н. Н.
|g Николай Николаевич
|
| 701 |
|
1 |
|a Бетин
|b Ю. П.
|g Юрий Павлович
|
| 701 |
|
1 |
|a Верховский
|b Б. И.
|g Борис Исаакович
|
| 701 |
|
1 |
|a Калмаков
|b А. А.
|g Андрей Алексеевич
|
| 701 |
|
1 |
|a Мельтцер
|b Л. В.
|g Лель Владимирович
|
| 701 |
|
1 |
|a Овчаренко
|b Е. Я.
|g Евгений Яковлевич
|
| 801 |
|
1 |
|a RU
|b 63413507
|c 20080211
|g PSBO
|
| 801 |
|
2 |
|a RU
|b 63413507
|c 20191122
|g PSBO
|
| 942 |
|
|
|c BK
|